عرض عادي
عرض مارك
- البلدان العربية
دخول Topical Term
001 - CONTROL NUMBER
- control field: 29054
003 - CONTROL NUMBER IDENTIFIER
- control field: AE-AdECS
005 - DATE AND TIME OF LATEST TRANSACTION
- control field: 20260423142220.0
008 - FIXED-LENGTH DATA ELEMENTS
- fixed length control field: 260423|| aca||aabn | a|a d
040 ## - CATALOGING SOURCE
- Original cataloging agency: AE-AdECS
- Transcribing agency: AE-AdECS
150 ## - HEADING--TOPICAL TERM
- Topical term or geographic name entry element: البلدان العربية
- General subdivision: تحديات أمنية
670 ## - SOURCE DATA FOUND
- Source citation: Work cat.: (AE-AdECS)294867: دوهان، حارث مؤلف. 29049, التحولات الإقليمية والدولية وأثرها على الأمن القومي العربي /
